000 01158nam a2200325 a 4500
001 4518350
003 000073
005 20220326193248.0
008 981218s1998 gt a b 000 0 spa
010 _a 98232853
020 _a8489451354
040 _aDLC
_cDLC
043 _ancgt---
050 0 0 _aF1477.A1
_bC37 1998
082 0 0 _a305.806
_bC336m
_221
100 2 _aCasaús Arzú, Marta.
_9377
245 1 3 _aLa metamorfosis del racismo en Guatemala =
_bUk'exwachixiik ri kaxlan na'ooj pa iximuleew /
_cMarta Elena Casaús Arzú.
246 3 0 _aExwachixiik ri kaxlan na'ooj pa iximuleew
246 3 1 _aUk'exwachixiik ri kaxlan na'ooj pa iximuleew
250 _a1. ed.
260 _aGuatemala :
_bEditorial Cholsamaj,
_c1998.
300 _a163 p. :
_bill. ;
_c21 cm.
504 _aIncludes bibliographical references (p. [147]-163).
650 0 _aRacism
_zGuatemala.
_9378
650 0 _aDiscriminación racial
_9379
650 0 _aGenocidio
_9380
651 0 _aGuatemala
_xRace relations.
_9381
906 _a7
_bcbc
_corignew
_d2
_encip
_f19
_gy-gencatlg
999 _c75
_d75